| 000 | 00403nam a2200109Ia 4500 | ||
|---|---|---|---|
| 008 | 160531s9999 xx 000 0 und d | ||
| 100 | _aNaber, Gregory. | ||
| 245 | _aFoundations of Quantum Mechanics: An Introduction to the Physical Background and Mathematical Structure | ||
| 245 | _cby Gregory Naber | ||
| 260 | _c2016 | ||
| 856 | _uhttp://gregnaber.com/wp-content/uploads/Simple-Harmonic-Oscillator.pdf | ||
| 999 |
_c295273 _d295273 |
||